[Event "Women's Speed Chess Q4"]
[Site "chess.com INT"]
[Date "2020.06.21"]
[Round "3"]
[White "Milliet, Sophie"]
[Black "Bulmaga, Irina"]
[Result "0-1"]
[WhiteTitle "IM"]
[BlackTitle "IM"]
[WhiteElo "2401"]
[BlackElo "2440"]
[WhiteFideId "623725"]
[BlackFideId "13903063"]
[EventDate "2020.06.21"]

1. e4 c5 2. Nf3 Nc6 3. Bb5 g6 4. O-O Bg7 5. c3 a6 6. Ba4 b5 7. Bb3 c4 8. Bc2 d6
9. h3 Nf6 10. b3 cxb3 11. axb3 O-O 12. d4 e5 13. d5 Ne7 14. c4 bxc4 15. bxc4 Nd7
16. Ba3 Qc7 17. Nbd2 a5 18. Ba4 Nc5 19. Bb5 Ba6 20. Bxc5 Qxc5 21. Nb3 Qb4 22.
Rxa5 Bxb5 23. Rxb5 Qxc4 24. Rb7 Rfe8 25. Nbd2 Qd3 26. Qb1 Qxb1 27. Rfxb1 Rad8
28. Nc4 h6 29. R1b6 Nc8 30. Rc6 Bf8 31. Rcc7 Re7 32. Nfd2 Rxc7 33. Rxc7 Be7 34.
Na5 Bg5 35. Ndc4 f5 36. Nc6 Rf8 37. g3 fxe4 38. h4 Bf6 39. Nd2 Nb6 40. Nxe4 Nxd5
41. Rd7 Bg7 42. Rxd6 Nf6 43. Nxf6+ Rxf6 44. Rxf6 Bxf6 45. Kg2 h5 46. Kf3 Kf7 47.
Ke4 Ke6 48. Nb4 g5 49. Nd3 gxh4 50. gxh4 Bxh4 51. Nxe5 Bxf2 52. Nf3 Bg3 53. Ng5+
Kf6 54. Nf3 Kg6 55. Kd5 Kf5 56. Kd4 Kf4 57. Ng1 h4 58. Kd3 Bf2 59. Nh3+ Kg3 60.
Ng5 Bb6 61. Ke2 Kg2 62. Ke1 Be3 63. Ne4 h3 64. Ke2 h2 65. Kxe3 h1=Q 0-1

[Event "Women's Speed Chess Q4"]
[Site "chess.com INT"]
[Date "2020.06.21"]
[Round "3"]
[White "Goh, Jie Yi"]
[Black "Berdychevskaya, Natasha"]
[Result "0-1"]
[WhiteTitle "WCM"]
[BlackTitle "WFM"]
[WhiteElo "1743"]
[BlackElo "2208"]
[WhiteFideId "5710049"]
[BlackFideId "4159322"]
[EventDate "2020.06.21"]

1. d4 d5 2. Bf4 Nc6 3. e3 Bf5 4. c4 e5 5. dxe5 d4 6. Nf3 Bb4+ 7. Nbd2 Nge7 8. a3
dxe3 9. Bxe3 Bxd2+ 10. Bxd2 Ng6 11. Bc3 Qe7 12. Be2 Nf4 13. O-O Rd8 14. Qe1 O-O
15. Bd2 Nxe2+ 16. Qxe2 Bd3 17. Qe3 Bxf1 18. Rxf1 Rfe8 19. Re1 Qd7 20. Qc3 Nd4
21. Bf4 Qg4 22. Nxd4 Qxf4 23. Nf3 Qf5 24. h3 Qd3 25. Qb4 b6 26. Qa4 a5 27. Qc6
Qd7 28. Qe4 h6 29. Qe3 Qd3 30. Qf4 Qc2 31. Qe4 Qxb2 32. a4 Qc3 33. Qc6 Re7 34.
Re3 Qc1+ 35. Kh2 Red7 36. Re1 Qc2 37. Qb5 Qxf2 38. Rg1 Qe3 39. Qc6 Qf2 40. e6
fxe6 41. Qxe6+ Kh7 42. Qf5+ Kh8 43. Qe6 Qc2 44. Qe5 Kh7 45. Qe6 Qc3 46. Qc6 Qd3
47. Qe6 Qc2 48. Qc6 Qg6 49. Qb7 Qd6+ 50. Kh1 Qc5 51. Qa6 Qb4 52. Kh2 Qxa4 53.
Qb7 Qb4 54. Qc6 a4 55. Qe4+ Kg8 56. Qe6+ Kh8 57. Qe4 Qc3 58. Nh4 Qd3 59. Ng6+
Kh7 0-1

[Event "Women's Speed Chess Q4"]
[Site "chess.com INT"]
[Date "2020.06.21"]
[Round "3"]
[White "Dzagnidze, Nana"]
[Black "Cholleti, Sahajasri"]
[Result "1-0"]
[WhiteTitle "GM"]
[BlackTitle "WIM"]
[WhiteElo "2524"]
[BlackElo "2235"]
[WhiteFideId "13601903"]
[BlackFideId "5045118"]
[EventDate "2020.06.21"]

1. c4 c5 2. Nf3 Nc6 3. Nc3 g6 4. g3 Bg7 5. Bg2 e6 6. O-O Nge7 7. d3 O-O 8. Bd2
d5 9. cxd5 exd5 10. a3 b6 11. Rb1 d4 12. Na4 Bb7 13. b4 cxb4 14. axb4 Ne5 15.
Nxe5 Bxg2 16. Kxg2 Bxe5 17. b5 Re8 18. Qb3 Bg7 19. Nb2 Nd5 20. Rfe1 Qd7 21. Nc4
Re7 22. e4 dxe3 23. Nxe3 Nxe3+ 24. Rxe3 Rd8 25. Rxe7 Qxe7 26. Re1 Qb7+ 27. Kg1
h6 28. Be3 Qd7 29. Rd1 Bd4 30. Re1 Bxe3 31. Rxe3 Qd4 32. Re7 Qa1+ 33. Kg2 Qf6
34. Rxa7 Re8 35. Ra2 Re1 36. Qb2 Qd8 37. Qc3 Qd5+ 38. Kh3 Qxa2 39. Qxe1 Qd5 40.
Qe8+ Kg7 41. Qe3 Qxb5 42. Qd4+ Kh7 43. f4 Qc6 44. Qe5 Qe6+ 45. Kg2 Qxe5 46. fxe5
b5 47. Kf3 b4 48. Ke3 Kg7 49. Kd4 Kf8 50. Kc4 Ke7 51. Kxb4 Ke6 52. d4 Kd5 53.
Kc3 g5 54. Kd3 g4 55. Ke3 h5 56. Kd3 Ke6 57. Ke4 Ke7 58. d5 Kd7 59. Kf5 Ke7 60.
d6+ Ke8 61. Kf6 Kf8 62. d7 h4 63. d8=Q# 1-0

[Event "Women's Speed Chess Q4"]
[Site "chess.com INT"]
[Date "2020.06.21"]
[Round "3"]
[White "Girya, Olga"]
[Black "Tarini, Goyal"]
[Result "1-0"]
[WhiteTitle "WGM"]
[BlackTitle "WFM"]
[WhiteElo "2469"]
[BlackElo "2164"]
[WhiteFideId "4195752"]
[BlackFideId "5082749"]
[EventDate "2020.06.21"]

1. d4 d5 2. c4 e6 3. Nf3 Nf6 4. Nc3 Be7 5. Bf4 O-O 6. e3 c5 7. dxc5 Bxc5 8. Rc1
dxc4 9. Bxc4 Qxd1+ 10. Rxd1 a6 11. Bd3 b5 12. Ne4 Bb4+ 13. Ke2 Bb7 14. Nd6 Bd5
15. a3 Bxd6 16. Bxd6 Rd8 17. Be7 Re8 18. Bxf6 gxf6 19. e4 Bb7 20. Nd4 Nd7 21.
Nb3 f5 22. Na5 fxe4 23. Nxb7 exd3+ 24. Rxd3 Ne5 25. Rg3+ Kf8 26. Rc1 Rac8 27.
Rgc3 Rxc3 28. Rxc3 Nc4 29. b4 Rc8 30. Na5 Ke7 31. Nxc4 bxc4 32. Kd2 Kf6 33. Rf3+
Kg6 34. Kc3 f5 35. Rf4 Kf6 36. Rxc4 Rg8 37. g3 Ra8 38. a4 Ra7 39. a5 Ke5 40.
Rc5+ Kd6 41. Rc8 Kd5 42. Rd8+ Kc6 43. Kc4 Rc7 44. Rh8 Kd6+ 45. Kd3 Rd7 46. Ra8
Kc6+ 47. Kc4 Kb7 48. Re8 Rc7+ 49. Kd4 Rc2 50. Re7+ Kc6 51. Rxe6+ Kb5 52. Rb6+
Ka4 53. Rxa6 Kxb4 54. Rh6 Rxf2 55. Rxh7 Kxa5 56. Ke5 Kb6 57. Rh5 Kc6 58. h4 Rg2
59. Rg5 Kd7 60. Kxf5 Ke7 61. Kg4 Kf6 62. Kh3 Rf2 63. Rg4 Re2 64. Ra4 Kg6 65.
Ra6+ Kg7 66. Ra5 Re4 67. Rb5 Kg6 68. Rb6+ Kf5 69. Rb3 Kg6 70. g4 Rd4 71. h5+ Kg5
72. Rb5+ 1-0

[Event "Women's Speed Chess Q4"]
[Site "chess.com INT"]
[Date "2020.06.21"]
[Round "4"]
[White "Stefanova, Antoaneta"]
[Black "Hejazipour, Mitra"]
[Result "1-0"]
[WhiteTitle "GM"]
[BlackTitle "WGM"]
[WhiteElo "2462"]
[BlackElo "2300"]
[WhiteFideId "2902257"]
[BlackFideId "12505951"]
[EventDate "2020.06.21"]

1. d4 Nf6 2. Nf3 e6 3. e3 c5 4. Bd3 b6 5. O-O Bb7 6. c4 Be7 7. Nc3 cxd4 8. exd4
d5 9. cxd5 Nxd5 10. Ne5 O-O 11. Qh5 Nf6 12. Qh4 Nbd7 13. Rd1 g6 14. Bg5 Nd5 15.
Bxe7 Nxe7 16. Bb5 Nxe5 17. dxe5 Nd5 18. Qg3 Qe7 19. Ne4 a6 20. Bc4 Kg7 21. Nd6
Rfd8 22. Bxd5 Bxd5 23. Rxd5 1-0

[Event "Women's Speed Chess Q4"]
[Site "chess.com INT"]
[Date "2020.06.21"]
[Round "4"]
[White "Sowa, Wiktoria"]
[Black "Sapale, Saloni"]
[Result "1-0"]
[WhiteTitle "WFM"]
[BlackTitle "WIM"]
[WhiteElo "2093"]
[BlackElo "2147"]
[WhiteFideId "21836701"]
[BlackFideId "5085527"]
[EventDate "2020.06.21"]

1. e4 e6 2. d4 d5 3. Nc3 Bb4 4. exd5 exd5 5. Bd3 c6 6. a3 Bd6 7. Nge2 Ne7 8. O-O
Ng6 9. Ng3 O-O 10. Be3 Nd7 11. Qd2 Nf6 12. Nce2 Qc7 13. Rac1 Re8 14. c4 dxc4 15.
Bxc4 Ne4 16. Nxe4 Rxe4 17. Ng3 Re8 18. d5 Bd7 19. dxc6 Bxc6 20. b4 Rad8 21. Qa2
Ne5 22. b5 Nxc4 23. Qxc4 Bxg3 24. hxg3 Re4 25. Qc2 Qe7 26. bxc6 bxc6 27. Qxc6 h6
28. Bc5 Qg5 29. Qxe4 1-0

[Event "Women's Speed Chess Q4"]
[Site "chess.com INT"]
[Date "2020.06.21"]
[Round "4"]
[White "Berdychevskaya, Natasha"]
[Black "Xu, Yuanyuan"]
[Result "1/2-1/2"]
[WhiteTitle "WFM"]
[BlackTitle "WGM"]
[WhiteElo "2208"]
[BlackElo "2317"]
[WhiteFideId "4159322"]
[BlackFideId "8601089"]
[EventDate "2020.06.21"]

1. e4 c6 2. d4 d5 3. f3 g6 4. Nc3 Bg7 5. Be3 Qb6 6. Rb1 dxe4 7. fxe4 e5 8. Nge2
Ne7 9. Qd2 exd4 10. Nxd4 Qc7 11. Bc4 O-O 12. O-O Nd7 13. Bf4 Qb6 14. Be3 Qc7 15.
Bf4 Qb6 16. Be3 Qc7 1/2-1/2

[Event "Women's Speed Chess Q4"]
[Site "chess.com INT"]
[Date "2020.06.21"]
[Round "4"]
[White "Matveeva, Olga"]
[Black "Narva, Regina"]
[Result "1-0"]
[WhiteTitle "WIM"]
[BlackTitle "WFM"]
[WhiteElo "2171"]
[BlackElo "1905"]
[WhiteFideId "24107018"]
[BlackFideId "4500237"]
[EventDate "2020.06.21"]

1. d4 Nf6 2. c4 g6 3. g3 Bg7 4. Bg2 O-O 5. Nf3 d6 6. O-O c5 7. d5 a6 8. a4 b6 9.
Nc3 Ra7 10. e4 e5 11. dxe6 fxe6 12. Bg5 h6 13. Bd2 Raf7 14. Nh4 g5 15. Ng6 Re8
16. h4 gxh4 17. Nxh4 e5 18. Qc1 Kh7 19. Nf5 Bxf5 20. exf5 e4 21. Re1 d5 22. cxd5
Nxd5 23. Bxe4 Nb4 24. f6+ Kg8 25. fxg7 Rxg7 26. Bxh6 Rge7 27. Qg5+ 1-0

[Event "Women's Speed Chess Q4"]
[Site "chess.com INT"]
[Date "2020.06.21"]
[Round "4"]
[White "Golubenko, Valentina"]
[Black "Nandhidhaa, P V"]
[Result "0-1"]
[WhiteTitle "WGM"]
[BlackTitle "WGM"]
[WhiteElo "2209"]
[BlackElo "2365"]
[WhiteFideId "4501993"]
[BlackFideId "5050847"]
[EventDate "2020.06.21"]

1. d4 Nf6 2. g3 e6 3. Bg2 c5 4. Nf3 cxd4 5. Nxd4 Nc6 6. Nxc6 bxc6 7. O-O d5 8.
c4 Be7 9. Nc3 O-O 10. Bf4 Ba6 11. cxd5 cxd5 12. Rc1 Rc8 13. Re1 Qb6 14. b3 Bc5 0-1

[Event "Women's Speed Chess Q4"]
[Site "chess.com INT"]
[Date "2020.06.21"]
[Round "4"]
[White "De Seroux, Camille"]
[Black "Priyanka, K"]
[Result "0-1"]
[WhiteTitle "WIM"]
[BlackTitle "WIM"]
[WhiteElo "2137"]
[BlackElo "2218"]
[WhiteFideId "1305620"]
[BlackFideId "5082986"]
[EventDate "2020.06.21"]

1. e4 c5 2. Nc3 a6 3. Nf3 d6 4. d4 cxd4 5. Nxd4 Nf6 6. Bc4 e6 7. a4 Nbd7 8. O-O
Ne5 9. Bb3 Be7 10. h3 O-O 11. f4 Nc6 12. Be3 Qc7 13. Qe2 Nxd4 14. Bxd4 e5 15.
Be3 exf4 16. Bxf4 Be6 17. Bxe6 fxe6 18. e5 dxe5 19. Bxe5 Qb6+ 20. Kh1 Rae8 21.
b3 Nd7 22. Bg3 Bf6 23. Qd3 Nc5 24. Qe3 Nxa4 25. Qxb6 Nxb6 26. Rf3 Nd5 27. Be1
Bxc3 28. Bxc3 Rxf3 0-1

[Event "Women's Speed Chess Q4"]
[Site "chess.com INT"]
[Date "2020.06.21"]
[Round "4"]
[White "Kashlinskaya, Alina"]
[Black "Kiran, Manisha Mohanty"]
[Result "1-0"]
[WhiteTitle "IM"]
[BlackTitle "WGM"]
[WhiteElo "2494"]
[BlackElo "2168"]
[WhiteFideId "4198026"]
[BlackFideId "5019575"]
[EventDate "2020.06.21"]

1. d4 Nf6 2. c4 g6 3. Nc3 d5 4. Bg5 Ne4 5. Bf4 Nxc3 6. bxc3 Bg7 7. e3 dxc4 8.
Bxc4 O-O 9. Nf3 c5 10. O-O Nc6 11. h3 b6 12. Qe2 Bb7 13. Rfd1 Qc8 14. Rac1 Na5
15. Bd3 Rd8 16. Ne5 Qe6 17. h4 Rac8 18. h5 Nc6 19. Bc4 Rd5 20. Nxc6 Qxc6 21.
Bxd5 Qxd5 22. f3 f5 23. c4 Qf7 24. dxc5 e5 25. Bg5 h6 26. Rd8+ Rxd8 27. Bxd8
bxc5 28. hxg6 Qxg6 29. Rd1 e4 30. f4 Qe6 31. Bh4 Ba6 32. Rd8+ Kh7 33. Qh5 Bxc4
34. Qe8 Qxe8 35. Rxe8 Bxa2 36. Re7 Kg6 37. Rxa7 Bb3 38. Rc7 c4 39. Be1 Bb2 40.
Kf2 Kf6 41. Ke2 Ke6 42. Bb4 Bc2 43. Kd2 Bd3 44. Rc6+ Kf7 45. Rxh6 Bf6 46. Bc3
Be7 47. Rc6 Bd8 48. Ke1 Bh4+ 49. Kd2 Bf2 50. Rf6+ Ke7 51. Rxf5 Kd6 52. g4 1-0

[Event "Women's Speed Chess Q4"]
[Site "chess.com INT"]
[Date "2020.06.21"]
[Round "4"]
[White "Kovanova, Baira"]
[Black "Turova, Irina"]
[Result "0-1"]
[WhiteTitle "WGM"]
[BlackTitle "IM"]
[WhiteElo "2343"]
[BlackElo "2381"]
[WhiteFideId "4164083"]
[BlackFideId "4120876"]
[EventDate "2020.06.21"]

1. e4 e5 2. Nf3 Nc6 3. Bb5 f5 4. d3 fxe4 5. dxe4 Nf6 6. Nc3 d6 7. h3 Be6 8. Be3
a6 9. Ng5 Bg8 10. Ba4 h6 11. Nf3 Be7 12. Nh4 Bh7 13. Nf5 Bxf5 14. exf5 Qd7 15.
Qf3 d5 16. O-O-O d4 17. Ne4 O-O-O 18. Nxf6 Bxf6 19. Bb3 Kb8 20. Bd2 Qe7 21. Kb1
e4 22. Qe2 Rhe8 23. Be6 g6 24. g4 gxf5 25. gxf5 d3 26. Qxe4 dxc2+ 27. Qxc2 Nd4
28. Qc1 Nxe6 29. Rhe1 Qh7 0-1

[Event "Women's Speed Chess Q4"]
[Site "chess.com INT"]
[Date "2020.06.21"]
[Round "4"]
[White "Kovacs, Klara"]
[Black "Sliwicka, Alicja"]
[Result "1-0"]
[WhiteTitle "WIM"]
[BlackTitle "WIM"]
[WhiteElo "2154"]
[BlackElo "2317"]
[WhiteFideId "733210"]
[BlackFideId "1150677"]
[EventDate "2020.06.21"]

1. Nf3 c5 2. g3 Nc6 3. Bg2 e5 4. c4 g6 5. Nc3 Nge7 6. O-O Bg7 7. Rb1 d6 8. a3 a5
9. d3 Be6 10. Bd2 O-O 11. Ne1 d5 12. cxd5 Nxd5 13. Nc2 f5 14. Ne3 Nce7 15. Qb3
Nc7 16. Qxb7 f4 17. Nc4 Rb8 18. Qa7 Ncd5 19. Nxd5 Bxd5 20. Bxd5+ Nxd5 21. Qxa5
Qe7 22. b4 h5 23. Qxc5 Qf7 24. Nd6 Qe6 25. Ne4 Rfd8 26. b5 Bf8 27. Qc6 Qf5 28.
b6 h4 29. Rb5 Rbc8 30. Qb7 Rb8 31. Qa7 Ra8 32. Rxd5 Rxa7 33. bxa7 Ra8 34. Bxf4
Rxa7 35. Rxe5 Qf7 36. Ng5 Qd7 37. Re6 Kg7 38. Rc1 Bxa3 39. Rcc6 Bf8 40. Rxg6+
Kh8 41. Be5+ Bg7 42. Bxg7+ Kg8 43. Bd4+ Kf8 44. Bxa7 h3 45. Bc5+ Qd6 46. Bxd6+
Ke8 47. Rc7 1-0

[Event "Women's Speed Chess Q4"]
[Site "chess.com INT"]
[Date "2020.06.21"]
[Round "4"]
[White "Shvedova, Alexandra"]
[Black "Dordzhieva, Dinara"]
[Result "0-1"]
[WhiteTitle "WFM"]
[BlackTitle "WIM"]
[WhiteElo "1994"]
[BlackElo "2354"]
[WhiteFideId "54154782"]
[BlackFideId "24157570"]
[EventDate "2020.06.21"]

1. e4 c5 2. Nf3 d6 3. d4 cxd4 4. Nxd4 Nf6 5. Nc3 a6 6. Be3 e6 7. f3 b5 8. Qd2 h5
9. a4 b4 10. Na2 e5 11. Nb3 Nc6 12. Nxb4 Nxb4 13. Qxb4 d5 14. Bc5 Bxc5 15. Qxc5
Be6 16. Qc6+ Bd7 17. Qd6 Qe7 18. Qxe7+ Kxe7 19. exd5 Nxd5 20. Kf2 Rhc8 21. Bd3
Be6 22. Rhe1 f6 23. g3 Nb4 24. Be4 Rab8 25. Rac1 f5 26. Bxf5 Bxf5 27. Rxe5+ Kf6
28. Rce1 Rxc2+ 29. Kg1 Nd3 30. Rxf5+ Kxf5 31. Nd4+ Kf6 32. Nxc2 Nxe1 33. Nxe1
Rxb2 34. Nd3 Ra2 35. Nc5 a5 36. Kf1 Ke5 37. Ke1 Kd5 38. Ne4 Rxh2 39. Nf2 Kd4 40.
Kf1 Ke3 41. Nd1+ Kxf3 42. Kg1 Rc2 0-1

[Event "Women's Speed Chess Q4"]
[Site "chess.com INT"]
[Date "2020.06.21"]
[Round "4"]
[White "Ziegenfuss, Antonia"]
[Black "Filippova, Margarita"]
[Result "0-1"]
[WhiteTitle "WFM"]
[BlackTitle "WFM"]
[WhiteElo "2101"]
[BlackElo "1931"]
[WhiteFideId "12962554"]
[BlackFideId "34199680"]
[EventDate "2020.06.21"]

1. d4 Nf6 2. c4 e6 3. Nc3 d5 4. cxd5 exd5 5. Bg5 c6 6. e3 Be7 7. Bd3 Ne4 8. Bxe7
Qxe7 9. Bxe4 dxe4 10. Nge2 O-O 11. Qc2 f5 12. O-O Nd7 13. f3 exf3 14. Rxf3 Nf6
15. Ng3 g6 16. h3 Be6 17. Raf1 Bc4 18. R1f2 Rad8 19. b3 Bd5 20. Nxd5 cxd5 21.
Nxf5 gxf5 22. Qxf5 Ne4 23. Qg4+ Kh8 24. Rc2 Rg8 25. Qh5 Qg5 26. Qxg5 Nxg5 27.
Rg3 Rd7 28. h4 Ne4 29. Rf3 Kg7 30. Rc1 Kh6 31. Rcf1 Rdg7 32. Rf5 Rxg2+ 33. Kh1
R2g6 34. R1f3 Ng3+ 0-1

[Event "Women's Speed Chess Q4"]
[Site "chess.com INT"]
[Date "2020.06.21"]
[Round "4"]
[White "Toncheva, Nadya"]
[Black "Kucharska, Honorata"]
[Result "1-0"]
[WhiteTitle "WFM"]
[BlackTitle "WFM"]
[WhiteElo "2064"]
[BlackElo "2113"]
[WhiteFideId "2924056"]
[BlackFideId "1163868"]
[EventDate "2020.06.21"]

1. e4 c5 2. c3 e6 3. d4 d5 4. exd5 exd5 5. Nf3 Nc6 6. Be3 c4 7. b3 cxb3 8. axb3
Bd6 9. h3 Nge7 10. Bd3 h6 11. O-O O-O 12. Na3 a6 13. Nd2 Nf5 14. Qf3 Nxe3 15.
fxe3 Qg5 16. Nc2 Be6 17. c4 Nb4 18. Nxb4 Bxb4 19. Rf2 Rac8 20. h4 Qd8 21. cxd5
Qxd5 22. Qxd5 Bxd5 23. Nc4 Rce8 24. Ne5 1-0

[Event "Women's Speed Chess Q4"]
[Site "chess.com INT"]
[Date "2020.06.21"]
[Round "4"]
[White "Bivol, Alina"]
[Black "Danielian, Elina"]
[Result "1-0"]
[WhiteTitle "WGM"]
[BlackTitle "GM"]
[WhiteElo "2386"]
[BlackElo "2407"]
[WhiteFideId "4100123"]
[BlackFideId "13300210"]
[EventDate "2020.06.21"]

1. c4 e6 2. g3 c5 3. Bg2 Nc6 4. Nc3 g6 5. Nf3 Bg7 6. O-O Nge7 7. e3 O-O 8. d4
cxd4 9. exd4 d5 10. cxd5 Nxd5 11. Bg5 Qb6 12. Qd2 Bd7 13. Rfd1 Rac8 14. Bh6 Rfd8
15. Nxd5 exd5 16. Bxg7 Kxg7 17. b3 Bf5 18. Rac1 h6 19. h4 Be4 20. Qf4 Re8 21.
Ne5 Nxe5 22. Bxe4 Rxc1 23. Qxc1 dxe4 24. dxe5 Rxe5 25. Qc3 Qf6 26. Rd7 Rb5 27.
Qe3 Qf5 28. Qd4+ Qf6 29. Qxe4 1-0

[Event "Women's Speed Chess Q4"]
[Site "chess.com INT"]
[Date "2020.06.21"]
[Round "4"]
[White "Mrudul, Dehankar"]
[Black "Berend, Elvira"]
[Result "0-1"]
[WhiteTitle "WIM"]
[BlackTitle "WGM"]
[WhiteElo "2256"]
[BlackElo "2326"]
[WhiteFideId "25096990"]
[BlackFideId "4000510"]
[EventDate "2020.06.21"]

1. e4 e5 2. Nf3 Nc6 3. Bb5 Nf6 4. Nc3 Bb4 5. O-O O-O 6. d3 d6 7. Bg5 Bxc3 8.
bxc3 Ne7 9. Bxf6 gxf6 10. Nh4 Ng6 11. Nf5 Bxf5 12. exf5 Ne7 13. Qh5 Kh8 14. d4
Rg8 15. Bd3 Rg7 16. f4 Qg8 17. Qf3 exf4 18. Rae1 Re8 19. Re2 Nc6 20. Rxe8 Qxe8
21. Qxf4 a6 22. Kf2 Qg8 23. g3 Rg4 24. Qf3 Rg5 25. Re1 Qd8 26. Rb1 Qc8 27. h4
Rg8 28. Be4 Re8 29. Bd5 Rf8 30. g4 Nd8 31. Bxb7 Nxb7 32. Qxb7 Qd7 33. Re1 h5 34.
Qf3 Qa4 35. g5 Kg7 36. gxf6+ Kxf6 37. Re2 Qa5 38. d5 Qc5+ 39. Re3 Re8 0-1

[Event "Women's Speed Chess Q4"]
[Site "chess.com INT"]
[Date "2020.06.21"]
[Round "4"]
[White "Koridze, Lile"]
[Black "Kanyamarala, Trisha"]
[Result "1-0"]
[WhiteTitle "WFM"]
[BlackTitle "WIM"]
[WhiteElo "1996"]
[BlackElo "2193"]
[WhiteFideId "13612514"]
[BlackFideId "45004722"]
[EventDate "2020.06.21"]

1. d4 Nf6 2. c4 e6 3. g3 d5 4. Bg2 dxc4 5. Nf3 Nc6 6. O-O a6 7. Nc3 Rb8 8. Ne5
Nxe5 9. dxe5 Nd7 10. Qc2 Nxe5 11. Rd1 Bd6 12. Ne4 O-O 13. Bf4 Qe7 14. Nxd6 cxd6
15. Bxe5 dxe5 16. Qxc4 b5 17. Qc3 f6 18. Rac1 Bb7 19. Bxb7 Rxb7 20. Qc6 a5 21.
Rd6 Re8 22. Rxe6 Qxe6 23. Qxb7 Rd8 24. Qxb5 Qxa2 25. Qb6 Qd5 26. Rc5 Qd1+ 27.
Kg2 Qxe2 28. Qxd8+ Kf7 29. Rc7+ Kg6 30. Qe8+ Kh6 31. Qc6 e4 32. Qc1+ g5 33. Qc3
Kg6 34. Rc6 Kh5 35. Qxf6 1-0

[Event "Women's Speed Chess Q4"]
[Site "chess.com INT"]
[Date "2020.06.21"]
[Round "4"]
[White "Martynyuk, Elizaveta"]
[Black "Milliet, Sophie"]
[Result "1/2-1/2"]
[WhiteTitle "FM"]
[BlackTitle "IM"]
[WhiteElo "2041"]
[BlackElo "2401"]
[WhiteFideId "24128511"]
[BlackFideId "623725"]
[EventDate "2020.06.21"]

1. e4 c5 2. Nf3 e6 3. d4 cxd4 4. Nxd4 Nc6 5. Nc3 Qc7 6. Be3 a6 7. Bd3 Nf6 8. O-O
b5 9. Nxc6 Qxc6 10. e5 Bb7 11. f3 Nd5 12. Nxd5 Qxd5 13. Be4 Qxd1 14. Raxd1 Bxe4
15. fxe4 Rc8 16. c3 Bc5 17. Rf3 Ke7 18. Kf2 Bxe3+ 19. Kxe3 Rc5 20. Kf4 h6 21. h4
g5+ 22. hxg5 hxg5+ 23. Kxg5 Rg8+ 24. Kf4 Rxg2 25. Rfd3 Rc7 26. R1d2 Rxd2 27.
Rxd2 Rc6 28. Rd4 Rb6 29. Ke3 d6 30. exd6+ Rxd6 31. e5 Rc6 32. a4 Rc5 33. Ke4 f5+
34. exf6+ Kxf6 35. axb5 Rxb5 36. b4 a5 37. bxa5 Rxa5 38. Rb4 Rh5 39. Rb1 Rh4+
40. Kd3 Ke5 41. Re1+ Kd5 42. c4+ Rxc4 43. Rxe6 Rd4+ 44. Ke3 Kxe6 45. Kxd4 1/2-1/2

[Event "Women's Speed Chess Q4"]
[Site "chess.com INT"]
[Date "2020.06.21"]
[Round "4"]
[White "Grigoryan, Meri"]
[Black "Shafigullina, Zarina"]
[Result "0-1"]
[WhiteTitle "WFM"]
[BlackTitle "WFM"]
[WhiteElo "2044"]
[BlackElo "2296"]
[WhiteFideId "13300571"]
[BlackFideId "24174220"]
[EventDate "2020.06.21"]

1. d4 Nf6 2. Nf3 e6 3. Bg5 c5 4. c3 Nc6 5. e3 Be7 6. Bd3 b6 7. O-O Bb7 8. Nbd2
O-O 9. Bxf6 Bxf6 10. e4 cxd4 11. cxd4 Nxd4 12. e5 Nxf3+ 13. Nxf3 Be7 14. Nd4 f5
15. Rc1 Bc5 16. Bb5 a6 17. Ba4 Rc8 18. Rc3 Bd5 19. Rh3 Bxd4 20. Qxd4 Rc4 21. Qd1
Qg5 22. Rg3 Qf4 23. Bxd7 Rd4 24. Qh5 Qxe5 25. Rh3 h6 26. Qg6 Rg4 0-1

[Event "Women's Speed Chess Q4"]
[Site "chess.com INT"]
[Date "2020.06.21"]
[Round "4"]
[White "Divya, Deshmukh"]
[Black "Potapova, Margarita"]
[Result "1/2-1/2"]
[WhiteTitle "WIM"]
[BlackTitle "WIM"]
[WhiteElo "2305"]
[BlackElo "2270"]
[WhiteFideId "35006916"]
[BlackFideId "14126869"]
[EventDate "2020.06.21"]

1. e4 c5 2. Nf3 d6 3. d4 cxd4 4. Nxd4 Nf6 5. Nc3 a6 6. Bg5 e6 7. f4 h6 8. Bh4
Qb6 9. Qd2 Qxb2 10. Rb1 Qa3 11. f5 Be7 12. fxe6 fxe6 13. Bc4 Nxe4 14. Nxe4 Bxh4+
15. g3 Bg5 16. Nxg5 hxg5 17. Nxe6 Bxe6 18. Bxe6 Qxg3+ 19. hxg3 Rxh1+ 20. Kf2
Rh2+ 21. Ke3 Rxd2 22. Kxd2 Ke7 23. Bd5 Ra7 24. Bxb7 Nd7 25. Bd5 Ne5 26. Rb8 g4
27. Rg8 Kf6 28. Rd8 Ke7 29. Rg8 Kf6 30. Rd8 Nd7 31. c4 a5 32. Ke3 Rc7 33. Kf4
Ke7 34. Rg8 Kf6 35. Rd8 Ke7 36. Rg8 Kf6 37. Rd8 1/2-1/2

[Event "Women's Speed Chess Q4"]
[Site "chess.com INT"]
[Date "2020.06.21"]
[Round "4"]
[White "Huda, Maryana"]
[Black "Martsynovskaya, Marina"]
[Result "1-0"]
[WhiteTitle "WGM"]
[BlackTitle "WIM"]
[WhiteElo "2128"]
[BlackElo "2046"]
[WhiteFideId "14116553"]
[BlackFideId "609218"]
[EventDate "2020.06.21"]

1. e4 e5 2. Nf3 Nc6 3. d4 exd4 4. Nxd4 Nf6 5. Nxc6 bxc6 6. Bd3 d5 7. exd5 cxd5
8. O-O Be6 9. Bb5+ Bd7 10. Re1+ Be7 11. Qe2 c6 12. Bd3 Be6 13. b3 O-O 14. Bb2 c5
15. Nd2 g6 16. Nf3 d4 17. Ng5 Kg7 18. Nxe6+ fxe6 19. Qxe6 Bd6 20. Bc4 Qc7 21.
Qh3 Be5 22. g3 h5 23. f4 Bd6 24. c3 dxc3 25. Bxc3 Kh6 26. Qh4 Ng4 27. Qg5+ Kh7
28. Re6 Rg8 29. Rae1 Raf8 30. Re7+ Bxe7 31. Rxe7+ Qxe7 32. Qxe7+ 1-0

[Event "Women's Speed Chess Q4"]
[Site "chess.com INT"]
[Date "2020.06.21"]
[Round "4"]
[White "Munkhzul, Davaakhuu"]
[Black "Gaponenko, Inna"]
[Result "0-1"]
[WhiteTitle "WFM"]
[BlackTitle "IM"]
[WhiteElo "1991"]
[BlackElo "2396"]
[WhiteFideId "4902815"]
[BlackFideId "14101181"]
[EventDate "2020.06.21"]

1. e4 g6 2. d4 Bg7 3. c4 d6 4. Nf3 Bg4 5. Be3 Nc6 6. Be2 Bxf3 7. Bxf3 e5 8. d5
Nd4 9. Bxd4 exd4 10. Qa4+ Qd7 11. Qxd7+ Kxd7 12. Nd2 Ne7 13. O-O c5 14. dxc6+
Nxc6 15. Rad1 a5 16. Bg4+ Kc7 17. f4 Rhe8 18. Rfe1 Nb4 19. Nf1 Nxa2 20. h4 Nb4
21. h5 d3 22. Rd2 f5 23. Bf3 Bh6 24. g3 g5 25. fxg5 Bxg5 26. Rdd1 Nc2 27. Kf2
Nxe1 28. Kxe1 fxe4 29. Bg2 a4 30. g4 a3 31. bxa3 Rxa3 32. Rb1 Ra2 33. Bh1 Re2+
34. Kd1 Rf2 35. Ng3 Bf4 36. Nxe4 Rf1# 0-1